| 000 | 01468cam a22003255a 4500 | ||
|---|---|---|---|
| 003 | EG-ScBUE | ||
| 005 | 20220801114944.0 | ||
| 008 | 080915s2006 enka f 000 0 eng d | ||
| 020 | _a140584938X | ||
| 020 | _a9781405849388 | ||
| 040 |
_aEG-ScBUE _beng _erda _cEG-ScBUE _dEG-ScBUE |
||
| 082 | 0 | 4 |
_a428.24076 _bBUR _222 |
| 100 | 1 |
_aBurgess, Sally, _d1954- _eauthor. _9486 |
|
| 245 | 1 | 0 |
_aFirst certificate gold with key : _bexam maximiser / _cSally Burgess with Richard Acklam. |
| 250 | _aNew edition. | ||
| 264 | 1 |
_aHarlow, England : _bPearson Education Limited, _c2006. |
|
| 300 |
_a127 pages : _billustrations (some color) ; _c28 cm |
||
| 336 |
_2rdacontent _atext _btxt |
||
| 337 |
_2rdamedia _aunmediated _bn |
||
| 338 |
_2rdacarrier _avolume _bnc |
||
| 520 | _aThe "First Certificate Gold" practice exams consist of a set of five practice exams which are free-standing, in line with the exact specifications of the revised Cambridge exam and designed to look as similar as possible to the real exam. Also available with key and with cassettes. | ||
| 650 | 7 |
_aEnglish language _vTextbooks for foreign speakers. _2BUEsh _943 |
|
| 650 | 7 |
_aEnglish language _vExaminations, questions, etc. _2BUEsh |
|
| 650 | 7 |
_aEnglish language _xGrammar _vProblems, exercises, etc. _2BUEsh _934878 |
|
| 651 | _2BUEsh | ||
| 653 |
_bHHUUEENN _cJanuary2014 _cDecember2017 _cJanuary2019 |
||
| 655 |
_vReading book _934232 |
||
| 700 | 1 |
_aAcklam, Richard, _eauthor. _9487 |
|
| 942 |
_2ddc _cBB |
||
| 999 |
_c2063 _d2063 |
||